000 01392nam a2200241Ia 4500
999 _c42810
_d42810
001 9516
003 GE_BSU
005 20240610172643.0
008 181216s2012||||ge |||||||||||||| ||geo||
040 _cGE_BSU
041 _ageo
080 _a51(075.4)+512(075.4)+517(075.4) მ–15
245 _aმათემატიკა : ალგებრა და ანალიზის საწყისები :
_bსაატესტატო და ეროვნული გამოცდებისათვის თეორია. ამოცანათა კრებული. ბილეთები. ტესტები /
_cბეჟან ღვაბერიძე, ფრიდონ დვალიშვილი, ალექსანდრე მოსიძე და სხვ. ; რედ. ნ. ქალდანი.
250 _aმე–5 გამოცემა
264 _aთბილისი :
_b?,
_c2012.
300 _a490 გვ. ;
_c27 სმ.
541 _h18ლ
653 _aმათემატიკა
653 _aალგებრა და ანალიზის საწყისები
653 _aსაატესტატო და ეროვნული გამოცდებისათვის
700 _aქალდანი, ნ.
_eრედაქტორი
_922383
942 _cBK
_2udc